000 00608nam a22001937a 4500
003 0
005 20250822145443.0
008 250822b xxu||||| |||| 00| 0 eng d
020 _a978-1-64173-024-6
050 _aPN 4784.B75
_b.C66 2024
100 _aConley, Earl,
_eauthor.
245 _aUnderstanding broadcast journalism /
_cEarl Conley.
260 _aNew York, NY :
_bLarsen & Keller,
_c2024.
300 _aviii, 227 pages :
_bcolored illustrations ;
_c27 cm.
504 _aIncludes bibliographical references and index.
650 _aBroadcast journalism.
650 _aJournalism.
942 _2lcc
_cBK
999 _c367582
_d367582